| 000 | 01507nam2a2200253 4500 | ||
|---|---|---|---|
| 001 | RU\NLR\bibl\1086085 | ||
| 005 | 20250615051412.0 | ||
| 010 |
_a978-5-9787-0004-6 _93000 |
||
| 021 |
_aRU _b2007-23003 _91217 |
||
| 035 | _a(NLR Aleph) 001073247 | ||
| 090 |
_a1012130 _c1012130 |
||
| 100 | _a20070515d2007 |||y0rusy50 ca | ||
| 101 | 0 | _arus | |
| 102 | _aRU | ||
| 105 | _aa ||||||||| | ||
| 200 | 1 | _aВ сотрудничестве с высшими мирами | |
| 210 |
_d2007 _aБ. м. |
||
| 215 |
_a309, [1] c. _cил. |
||
| 461 | 0 |
_1001RU\NLR\bibl\1103317 _12001#$aИнформация Иерархии Света человечеству накануне переполюсовки, квантового перехода, наступления эпохи Водолея, эры Сатья-Юга, шестой расы и великого галактического солнцестояния 21.12.2012 г.$vКн. 2 _91114639 _aБулгаков, В. _cМосква _d2007 _fВлад Булгаков _nАмрита-Русь _tИнформация Иерархии Света человечеству накануне переполюсовки, квантового перехода, наступления эпохи Водолея, эры Сатья-Юга, шестой расы и великого галактического солнцестояния 21.12.2012 г. _vКн. 2 |
|
| 801 | 0 |
_aRU _bNLR _c20070515 _gRCR |
|
| 801 | 1 |
_aRU _bNLR _c20070515 |
|
| 942 | _cBOOK | ||
| 980 | _aNB | ||